Вып. 44; Теоретическая электротехника

Библиографические подробности
Источник:Теоретическая электротехника: республиканский межведомственный научно-технический сборник/ Львовский государственный университет. Вып. 44.— , 1966-1991
Язык:русский
Опубликовано: 1988
Предметы:
Формат: MixedMaterials Книга
Запись в KOHA:https://koha.lib.tpu.ru/cgi-bin/koha/opac-detail.pl?biblionumber=250589

MARC

LEADER 00000nam2a2200000 4500
001 250589
005 20231101232558.0
020 |a RU  |b 89-6846ж 
035 |a (RuTPU)RU\TPU\book\272803 
035 |a RU\TPU\book\234693 
090 |a 250589 
100 |a 20120428d1988 k y0rusy5003 ca 
101 0 |a rus 
102 |a UA 
105 |a a z 001zy 
200 0 |a Вып. 44 
210 |d 1988 
215 |a 160 с.  |c ил. 
320 |a Библиогр. в конце ст. 
461 1 |0 (RuTPU)RU\TPU\book\250807  |t Теоретическая электротехника  |o республиканский межведомственный научно-технический сборник  |f Львовский государственный университет   |v Вып. 44  |d 1966-1991 
606 1 |a Электромеханика  |2 stltpush  |3 (RuTPU)RU\TPU\subj\20251  |9 45364 
606 1 |a Электротехника теоретическая  |2 stltpush  |3 (RuTPU)RU\TPU\subj\20909  |9 45970 
610 1 |a электрические цепи 
610 1 |a электронные цепи 
610 1 |a электромагнитное поле 
610 1 |a топологические методы 
610 1 |a применение 
610 1 |a нелинейные схемы 
610 1 |a расчет 
675 |a 621.3.01  |v 3 
801 1 |a RU  |b 63413507  |c 20140214 
801 2 |a RU  |b 63413507  |c 20151211  |g RCR 
942 |c BK